| 000 | 00698nam a22002417a 4500 | ||
|---|---|---|---|
| 003 | UA-OsUOA | ||
| 001 | 123690 | ||
| 007 | ta | ||
| 008 | 20170707b un ||||| |||| 00| 0 ukr d | ||
| 100 | _aЯковенко Н. | ||
| 090 |
_a929:281.9 _bЯ47 |
||
| 942 | _cBK | ||
| 040 |
_aUA-OsUOA _bukr _cUA-OsUOA _dUA-OsUOA |
||
| 245 |
_aУ пошуках Нового неба _bжиття і тексти Йоаникія Галятковського |
||
| 300 | _a704 с. | ||
| 955 | _a1 | ||
| 041 | _aukr | ||
| 080 | _a929:281.9 | ||
| 020 | _a978-966-2449-93-8 | ||
| 260 |
_aК. _bКритика _c2017 |
||
| 650 | 7 |
_a9 Географія. Біографії. Історія _2UDC |
|
| 999 |
_c410875 _d410875 |
||